[Event "Lindores Abbey Final 8"]
[Site "chess24.com INT"]
[Date "2020.05.27"]
[Round "1.32"]
[White "Karjakin, Sergey"]
[Black "Dubov, Daniil"]
[Result "0-1"]
[WhiteElo "2752"]
[BlackElo "2699"]
[Annotator "Edouard,R"]
[PlyCount "86"]
[EventDate "2020.05.23"]
[EventType "k.o. (rapid)"]
[EventRounds "3"]
[EventCountry "USA"]
[SourceTitle "CBM 196 Extra"]
[Source "ChessBase"]
[SourceDate "2020.07.31"]
[SourceVersion "1"]
[SourceVersionDate "2020.07.31"]
[SourceQuality "1"]

1. e4 e5 2. Nf3 d6 3. d4 exd4 4. Qxd4 {An unusual recapture.} Nc6 (4... a6 $5 {
with the idea of} 5. Bg5 Nc6 $1 {is also playable. 0-1 (59) Vishnu,P (2538)
-Hera,I (2611) Biel SUI 2017}) (4... Nf6 $5 5. Nc3 (5. e5 $6 Qe7 6. Be2 dxe5 7.
Nxe5 Nbd7 8. Nd3 Qd6 $11 {0-1 (35) Cawdery,D (2447)-Moussard,J (2576) London
2017}) (5. Bb5+ $5 c6 6. Be2 {does mae a lot of sense}) 5... Be7 6. Bg5 h6 7.
Bh4 O-O 8. O-O-O Be6 9. h3 c5 $6 (9... Nc6 10. Qe3 Nd7 {should be unclear}) 10.
Qe3 $14 {1-0 (28) Goryachkina,A (2496)-Huang Qian (2439) Qinhuangdao 2018}) 5.
Bb5 Bd7 6. Qd3 $5 ({The main line goes} 6. Bxc6 Bxc6 7. Nc3 $5 Nf6 8. Bg5 Be7
9. O-O-O O-O {and it is playable for Black.}) 6... Nb4 $5 $146 ({In the few
games that were played, Black chose} 6... Nf6) 7. Bxd7+ Qxd7 8. Qb3 (8. Qe2 {
to avoid 8...d5 should be a better move.}) 8... d5 9. a3 (9. Nc3 $5 dxe4 10.
Nxe4 {might lead to some small advantage for White.}) (9. exd5 Qxd5 10. Qxd5
Nxd5 $11) (9. e5 O-O-O 10. O-O f6 11. Re1 fxe5 12. Nxe5 Qf5 $13) 9... dxe4 10.
axb4 (10. Ne5 Qd5 $132) 10... exf3 11. O-O fxg2 12. Re1+ Be7 13. Ra5 $1 Kf8 $1
{Very creative play from both sides!} (13... Nf6 $2 14. Rae5 {is White's idea.}
) 14. Nd2 $5 Nf6 15. Nc4 Bd6 16. Bg5 $5 (16. Nxd6 Qxd6 17. Qc4 $1 {with the
idea of Bf4 would surely lead to some advantage for White.}) (16. Qf3 Bxb4 17.
Ne5 Qe8 18. Ng6+ hxg6 19. Rxe8+ Rxe8 {should be possible to hold for Black.})
16... Re8 (16... b6 $5 {would make sense, so b7 isn't hanging later as in the
game.}) 17. Rxe8+ Nxe8 18. Rxa7 h6 (18... Bxh2+ $1 19. Kxh2 Qd1 20. Kxg2 Qg4+
21. Qg3 Qxc4 $13) 19. Bd2 Qb5 $2 (19... Bxh2+ $1 {worked another time, but
after} 20. Kxh2 {BLac had to find the awesome} Qd4 $1 $11) 20. Ra8 (20. Qd3 $1
{was stronger according to the engine:} Bxb4 (20... Kg8 21. Ra5 Qd7 22. Ra8 $18
) 21. Ra8 $18) 20... Kg8 (20... Bxh2+ {would still not be bad:} 21. Kxh2 Qh5+
22. Kxg2 Qd5+ 23. Kg1 b5 24. Rb8 bxc4 25. Qe3 $14) 21. Qd3 Bf8 22. Bc3 f6 23.
b3 {Black is completely paralyzed.} Qh5 $6 24. Qe4 $2 (24. Qd8 $1 {was winning
at once:} Kh7 25. Qxe8 Qd1+ 26. Be1 $18) 24... Nd6 25. Nxd6 cxd6 26. Rb8 d5 27.
Qe6+ $6 (27. Qd3 $16) 27... Kh7 28. Rxb7 Qd1+ 29. Kxg2 Qxc2 30. Qxf6 d4 (30...
Rg8 31. b5 $18) 31. Qxd4 Qg6+ 32. Kf1 $4 {Incredible!} (32. Kf3 $18) 32... Qa6+
{Oops... What a turnaround!} 33. b5 Qxb7 34. Qd3+ Kg8 35. Be5 Be7 36. Qc4+ Kf8
37. Bd4 h5 38. b6 Rh6 39. Qd3 Qh1+ 40. Ke2 Re6+ 41. Be3 Qe4 42. Qb5 Qc2+ 43.
Ke1 Rxe3+ 0-1

[Event "Titled Tuesday intern op 6th June"]
[Site "Chess.com INT"]
[Date "2020.06.02"]
[Round "2"]
[White "Karjakin, Sergey"]
[Black "Nguyen, Thanh Thuy Tien"]
[Result "1-0"]
[WhiteElo "2752"]
[BlackElo "1971"]
[PlyCount "75"]
[EventDate "2020.06.02"]
[EventType "swiss (blitz)"]
[EventRounds "10"]
[EventCountry "USA"]
[SourceTitle "CBM 196 Extra"]
[Source "ChessBase"]
[SourceDate "2020.07.31"]
[SourceVersion "1"]
[SourceVersionDate "2020.07.31"]
[SourceQuality "1"]

1. e4 c5 2. Nf3 d6 3. d4 cxd4 4. Nxd4 Nf6 5. Nc3 a6 6. Bd3 e6 7. f4 Qc7 8. Qf3
b5 9. g4 Bb7 10. g5 Nfd7 11. a3 Nc5 12. Be3 Nbd7 13. h4 Nb6 14. f5 e5 15. Nde2
O-O-O 16. b4 Nca4 17. Nxa4 Nxa4 18. O-O d5 19. exd5 Bxd5 20. Be4 Qc4 21. Bxd5
Qxd5 22. Qg4 Kb8 23. Rad1 Qxd1 24. Rxd1 Rxd1+ 25. Kf2 Rd6 26. c4 Nb2 27. cxb5
Nd1+ 28. Kg3 Nxe3 29. Qe4 Nd5 30. bxa6 Be7 31. Nc3 Rhd8 32. b5 R6d7 33. Nxd5
Rxd5 34. b6 Rd3+ 35. Kg4 R3d4 36. a7+ Kc8 37. a8=Q+ Kd7 38. Qac6# 1-0

[Event "Titled Tuesday intern op 6th June fin"]
[Site "Chess.com INT"]
[Date "2020.06.02"]
[Round "1.1"]
[White "Karjakin, Sergey"]
[Black "Kovalev, Vladislav"]
[Result "1-0"]
[WhiteElo "2752"]
[BlackElo "2648"]
[PlyCount "119"]
[EventDate "2020.06.02"]
[EventType "k.o. (blitz)"]
[EventRounds "3"]
[EventCountry "USA"]
[SourceTitle "CBM 196 Extra"]
[Source "ChessBase"]
[SourceDate "2020.07.31"]
[SourceVersion "1"]
[SourceVersionDate "2020.07.31"]
[SourceQuality "1"]

1. e4 e5 2. Nf3 Nc6 3. Bc4 Bc5 4. c3 Nf6 5. d3 a6 6. O-O d6 7. a4 Ba7 8. Nbd2
h6 9. Re1 O-O 10. h3 Be6 11. Bxe6 fxe6 12. b4 Ne7 13. Nf1 Ng6 14. Be3 Bxe3 15.
Rxe3 a5 16. Qb3 Qe7 17. d4 axb4 18. Qxb4 exd4 19. cxd4 b6 20. Ng3 Ra5 21. Qc4
Nf4 22. Qc6 Ne8 23. Rc1 Rf7 24. Ne2 Nxe2+ 25. Rxe2 Qd7 26. e5 d5 27. Ra2 Re7
28. Qxd7 Rxd7 29. Nd2 Rd8 30. Nb3 Ra6 31. a5 Rda8 32. Rca1 Kf7 33. axb6 Rxa2
34. Rxa2 Rb8 35. bxc7 Nxc7 36. Nc5 Rb1+ 37. Kh2 Ke7 38. Ra7 Kd8 39. f4 Rd1 40.
Kg3 Rd2 41. Kf3 g5 42. g3 gxf4 43. gxf4 Rh2 44. Kg4 Rd2 45. Kh5 Rh2 46. h4 Rh1
47. Rb7 Rh2 48. Rb6 Ke7 49. Rc6 Ne8 50. Rxe6+ Kf7 51. Rxh6 Ng7+ 52. Kg4 Rg2+
53. Kf3 Rg1 54. Rf6+ Kg8 55. Ne6 Nh5 56. Rf8+ Kh7 57. f5 Rf1+ 58. Kg4 Rg1+ 59.
Kxh5 Rg5+ 60. Nxg5+ 1-0

[Event "Titled Tuesday intern op 6th June fin"]
[Site "Chess.com INT"]
[Date "2020.06.02"]
[Round "2.1"]
[White "Karjakin, Sergey"]
[Black "Bykhovsky, Anatoly"]
[Result "1-0"]
[WhiteElo "2752"]
[BlackElo "2496"]
[PlyCount "65"]
[EventDate "2020.06.02"]
[EventType "k.o. (blitz)"]
[EventRounds "3"]
[EventCountry "USA"]
[SourceTitle "CBM 196 Extra"]
[Source "ChessBase"]
[SourceDate "2020.07.31"]
[SourceVersion "1"]
[SourceVersionDate "2020.07.31"]
[SourceQuality "1"]

1. e4 c5 2. Nf3 e6 3. d4 cxd4 4. Nxd4 a6 5. c4 Nf6 6. Nc3 Bb4 7. Qd3 Nc6 8.
Nxc6 dxc6 9. Qxd8+ Kxd8 10. e5 Nd7 11. Bf4 Bxc3+ 12. bxc3 c5 13. h4 b6 14.
O-O-O Bb7 15. h5 h6 16. Rh3 Be4 17. Rg3 g5 18. hxg6 Bxg6 19. Rh3 h5 20. Be2 Kc7
21. Rdh1 Rag8 22. g4 Kc8 23. gxh5 Be4 24. f3 Bf5 25. Rg3 Rxg3 26. Bxg3 Rg8 27.
Bf4 Rg2 28. Kd2 Kd8 29. h6 Nf8 30. Ke1 Kc7 31. Be3 Rg8 32. Kf2 Ng6 33. Bg5 1-0

[Event "Titled Tuesday intern op 6th June fin"]
[Site "Chess.com INT"]
[Date "2020.06.02"]
[Round "2.2"]
[White "Bykhovsky, Anatoly"]
[Black "Karjakin, Sergey"]
[Result "0-1"]
[WhiteElo "2496"]
[BlackElo "2752"]
[PlyCount "72"]
[EventDate "2020.06.02"]
[EventType "k.o. (blitz)"]
[EventRounds "3"]
[EventCountry "USA"]
[SourceTitle "CBM 196 Extra"]
[Source "ChessBase"]
[SourceDate "2020.07.31"]
[SourceVersion "1"]
[SourceVersionDate "2020.07.31"]
[SourceQuality "1"]

1. d4 Nf6 2. Nf3 d5 3. c4 e6 4. Nc3 Be7 5. Bg5 O-O 6. e3 Nbd7 7. Qc2 h6 8. h4
c5 9. O-O-O cxd4 10. exd4 dxc4 11. Bxc4 Nb6 12. Bb3 Bd7 13. Ne5 Rc8 14. Bxf6
Bxf6 15. Kb1 Bc6 16. Nxc6 Rxc6 17. g4 Bxd4 18. Qe4 e5 19. g5 Qc8 20. Bc2 g6 21.
h5 Rxc3 22. bxc3 Qxc3 23. Rxd4 Qxd4 24. hxg6 Qxe4 25. Bxe4 hxg5 26. Rg1 fxg6
27. Rxg5 Rxf2 28. Rxe5 Kf7 29. Bxb7 Rf5 30. Rxf5+ gxf5 31. Kc2 Ke6 32. Kc3 Ke5
33. Kb4 f4 34. Kc5 Nd7+ 35. Kb5 Kd4 36. Ka6 Nc5+ 0-1

[Event "Titled Tuesday intern op 6th June fin"]
[Site "Chess.com INT"]
[Date "2020.06.02"]
[Round "3.1"]
[White "Artemiev, Vladislav"]
[Black "Karjakin, Sergey"]
[Result "1-0"]
[WhiteElo "2716"]
[BlackElo "2752"]
[PlyCount "109"]
[EventDate "2020.06.02"]
[EventType "k.o. (blitz)"]
[EventRounds "3"]
[EventCountry "USA"]
[SourceTitle "CBM 196 Extra"]
[Source "ChessBase"]
[SourceDate "2020.07.31"]
[SourceVersion "1"]
[SourceVersionDate "2020.07.31"]
[SourceQuality "1"]

1. d4 Nf6 2. Nf3 d5 3. Bg5 Ne4 4. Bf4 c5 5. e3 cxd4 6. exd4 Nc6 7. Nbd2 Bg4 8.
Be2 e6 9. c3 Bd6 10. Bg3 Nxg3 11. hxg3 Qb6 12. Qb3 Qxb3 13. axb3 O-O 14. Bd3 g6
15. Nh2 h5 16. Nxg4 hxg4 17. b4 a6 18. Nb3 Kg7 19. Kd2 Rh8 20. Ke2 f5 21. Rxh8
Rxh8 22. b5 axb5 23. Bxb5 Kf6 24. Nd2 Ne7 25. Ra7 Rh2 26. Rxb7 Rxg2 27. Nf1 f4
28. gxf4 Bxf4 29. Be8 Nf5 30. Ke1 Rg1 31. Ke2 Rg2 32. Ke1 Kg5 33. Rf7 e5 34.
dxe5 Bxe5 35. Bc6 Rg1 36. Ke2 d4 37. Be4 dxc3 38. bxc3 Bxc3 39. Bxf5 gxf5 40.
Ng3 Bd4 41. Rxf5+ Kg6 42. Rf4 Be5 43. Rxg4+ Kf7 44. f4 Bf6 45. Kf3 Re1 46. Ne4
Ra1 47. Rg2 Ra3+ 48. Kg4 Ra4 49. Re2 Rb4 50. Nd6+ Kg6 51. Re6 Rb6 52. f5+ Kh7
53. Rxf6 Rb4+ 54. Kg5 Rb1 55. Rf7+ 1-0

[Event "Titled Tuesday intern op 6th June fin"]
[Site "Chess.com INT"]
[Date "2020.06.02"]
[Round "3.2"]
[White "Karjakin, Sergey"]
[Black "Artemiev, Vladislav"]
[Result "0-1"]
[WhiteElo "2752"]
[BlackElo "2716"]
[PlyCount "56"]
[EventDate "2020.06.02"]
[EventType "k.o. (blitz)"]
[EventRounds "3"]
[EventCountry "USA"]
[SourceTitle "CBM 196 Extra"]
[Source "ChessBase"]
[SourceDate "2020.07.31"]
[SourceVersion "1"]
[SourceVersionDate "2020.07.31"]
[SourceQuality "1"]

1. e4 c5 2. Nf3 e6 3. d4 cxd4 4. Nxd4 Nc6 5. Nc3 a6 6. Nxc6 bxc6 7. Qd3 d5 8.
Qg3 Nf6 9. Be2 g6 10. O-O Bg7 11. Bg5 h6 12. Bf4 Qb6 13. Bc7 Qxb2 14. Rab1 Qa3
15. Rb3 Qe7 16. Bd6 Qd8 17. Rfb1 Bf8 18. Bc7 Qd7 19. Rb8 Rxb8 20. Rxb8 Be7 21.
exd5 exd5 22. Bxa6 O-O 23. Bxc8 Rxc8 24. Rxc8+ Qxc8 25. Be5 Qf5 26. h3 Qxc2 27.
Kh2 Nd7 28. Bf4 Bf6 0-1

[Event "Titled Tuesday intern op 14th July"]
[Site "Chess.com INT"]
[Date "2020.07.14"]
[Round "3"]
[White "Karjakin, Sergey"]
[Black "Mohammad Fahad, Rahman"]
[Result "1/2-1/2"]
[WhiteElo "2752"]
[BlackElo "2319"]
[PlyCount "100"]
[EventDate "2020.07.14"]
[EventType "swiss (blitz)"]
[EventRounds "10"]
[EventCountry "USA"]
[SourceTitle "CBM 197 Extra"]
[Source "ChessBase"]
[SourceDate "2020.09.30"]
[SourceVersion "1"]
[SourceVersionDate "2020.09.30"]
[SourceQuality "1"]

1. e4 e5 2. Nf3 Nc6 3. Bc4 Bc5 4. c3 Nf6 5. d3 O-O 6. O-O d5 7. exd5 Nxd5 8.
Re1 Bg4 9. Nbd2 f6 10. Qb3 Nce7 11. d4 Bb6 12. h3 Bh5 13. dxe5 fxe5 14. Rxe5
Bf7 15. Ng5 c6 16. Ndf3 Kh8 17. Nxf7+ Rxf7 18. Bg5 Qd7 19. Bxe7 Rxf3 20. gxf3
Qxh3 21. Rg5 Qxf3 22. Qc2 Nxe7 23. Qe2 Qf6 24. Rg2 Ng6 25. Qe6 Qxe6 26. Bxe6
Nf4 27. Bc4 Nxg2 28. Kxg2 Rf8 29. f3 Re8 30. Rd1 Rd8 31. Re1 g6 32. Re2 Rd7 33.
a4 Kg7 34. Kg3 Bc7+ 35. Kg2 a5 36. Bb3 Bb6 37. Bc2 Bc5 38. f4 Bb6 39. Kf3 Bc7
40. f5 Rf7 41. Rg2 Kh6 42. Kg4 gxf5+ 43. Bxf5 Rg7+ 44. Kf3 Rxg2 45. Kxg2 b6 46.
Bd7 c5 47. c4 Kg5 48. Kf3 Be5 49. b3 Bc7 50. Bc8 h5 1/2-1/2

[Event "Titled Tuesday intern op 4th Aug 10am"]
[Site "Chess.com INT"]
[Date "2020.08.04"]
[Round "1"]
[White "Sorensen, Hampus"]
[Black "Karjakin, Sergey"]
[Result "0-1"]
[WhiteElo "2361"]
[BlackElo "2752"]
[PlyCount "46"]
[EventDate "2020.08.04"]
[EventType "swiss (blitz)"]
[EventRounds "10"]
[EventCountry "USA"]
[SourceTitle "CBM 197 Extra"]
[Source "ChessBase"]
[SourceDate "2020.09.30"]
[SourceVersion "1"]
[SourceVersionDate "2020.09.30"]
[SourceQuality "1"]

1. d4 Nf6 2. c4 e6 3. Nf3 b6 4. a3 Bb7 5. Nc3 d5 6. Bg5 Be7 7. Qa4+ Bc6 8. Qc2
dxc4 9. e4 b5 10. Be2 O-O 11. O-O a6 12. Rad1 Nbd7 13. Bf4 Bb7 14. h3 c6 15.
Rfe1 Qb6 16. Be3 Qc7 17. Qd2 Rad8 18. Bf4 Qc8 19. Qe3 Rfe8 20. Ne5 c5 21. dxc5
Nxc5 22. f3 Nd3 23. Kh1 Bc5 0-1

[Event "Titled Tuesday intern op 4th Aug 10am"]
[Site "Chess.com INT"]
[Date "2020.08.04"]
[Round "3"]
[White "Kotsur, Pavel"]
[Black "Karjakin, Sergey"]
[Result "0-1"]
[WhiteElo "2517"]
[BlackElo "2752"]
[PlyCount "44"]
[EventDate "2020.08.04"]
[EventType "swiss (blitz)"]
[EventRounds "10"]
[EventCountry "USA"]
[SourceTitle "CBM 197 Extra"]
[Source "ChessBase"]
[SourceDate "2020.09.30"]
[SourceVersion "1"]
[SourceVersionDate "2020.09.30"]
[SourceQuality "1"]

1. e4 c5 2. Nf3 d6 3. c3 Nf6 4. h3 g6 5. Bd3 Bg7 6. O-O O-O 7. Bc2 e5 8. d3 Nc6
9. Be3 b6 10. a3 d5 11. b4 d4 12. cxd4 cxd4 13. Bd2 Re8 14. b5 Na5 15. a4 Bd7
16. Na3 Nh5 17. Bb1 Qe7 18. Ba2 Rac8 19. Nc4 Nb7 20. Ng5 Rf8 21. Qe1 Nc5 22.
Bb4 Qxg5 0-1

[Event "Titled Tuesday intern op 4th Aug 10am"]
[Site "Chess.com INT"]
[Date "2020.08.04"]
[Round "4"]
[White "Bakalchuk, Johnatan"]
[Black "Karjakin, Sergey"]
[Result "0-1"]
[WhiteElo "2448"]
[BlackElo "2752"]
[PlyCount "66"]
[EventDate "2020.08.04"]
[EventType "swiss (blitz)"]
[EventRounds "10"]
[EventCountry "USA"]
[SourceTitle "CBM 197 Extra"]
[Source "ChessBase"]
[SourceDate "2020.09.30"]
[SourceVersion "1"]
[SourceVersionDate "2020.09.30"]
[SourceQuality "1"]

1. d4 Nf6 2. Nc3 d5 3. Bf4 e6 4. Nb5 Na6 5. a3 c6 6. Nc3 Bd6 7. e3 Nc7 8. Nf3
O-O 9. Bd3 c5 10. dxc5 Bxc5 11. Ne5 Bd6 12. Qf3 Na6 13. O-O-O Nc5 14. e4 dxe4
15. Nxe4 Nfxe4 16. Bxe4 Nxe4 17. Qxe4 Qc7 18. Rxd6 Qxd6 19. Ng6 e5 20. Nxf8
exf4 21. Qxh7+ Kxf8 22. Re1 Qh6 23. Qe4 Be6 24. Qxb7 Re8 25. f3 Qxh2 26. b3
Qxg2 27. Qb4+ Kg8 28. Qxf4 Rc8 29. Qe4 Bxb3 30. Re2 Qg1+ 31. Kb2 Be6 32. Qb7
Qc5 33. Rh2 Qe5+ 0-1

[Event "Titled Tuesday intern op 4th Aug 10am"]
[Site "Chess.com INT"]
[Date "2020.08.04"]
[Round "5"]
[White "Karjakin, Sergey"]
[Black "Rasulov, Vugar Ural Oglu"]
[Result "1-0"]
[WhiteElo "2752"]
[BlackElo "2478"]
[PlyCount "131"]
[EventDate "2020.08.04"]
[EventType "swiss (blitz)"]
[EventRounds "10"]
[EventCountry "USA"]
[SourceTitle "CBM 197 Extra"]
[Source "ChessBase"]
[SourceDate "2020.09.30"]
[SourceVersion "1"]
[SourceVersionDate "2020.09.30"]
[SourceQuality "1"]

1. e4 c6 2. d4 d5 3. e5 Bf5 4. Nf3 e6 5. Be2 Nd7 6. O-O Ne7 7. c3 c5 8. dxc5
Nxc5 9. Nd4 a6 10. Nxf5 Nxf5 11. Nd2 Nd7 12. Bd3 Nh4 13. f4 g6 14. Nb3 Nf5 15.
Qe2 h5 16. Bd2 h4 17. Be1 Nc5 18. Bc2 Nxb3 19. Bxb3 Bc5+ 20. Bf2 Ng3 21. hxg3
hxg3 22. Ba4+ b5 23. Bxb5+ axb5 24. Qxb5+ Qd7 25. Qxd7+ Kxd7 26. Bxc5 Rh4 27.
Bf2 gxf2+ 28. Rxf2 Rah8 29. Rff1 Kc6 30. Rad1 Rg4 31. Rd4 Rhh4 32. a4 g5 33. a5
Rxf4 34. Rfxf4 gxf4 35. Rb4 Rh8 36. Rxf4 Rb8 37. Rxf7 Rxb2 38. Re7 Kb5 39. Rxe6
Kxa5 40. Rd6 Rd2 41. e6 Kb5 42. e7 Re2 43. Rxd5+ Kc6 44. Rd3 Rxe7 45. Kf2 Kc5
46. Rd4 Ra7 47. Kf3 Ra3 48. Rd3 Kc4 49. Re3 Ra8 50. g4 Rf8+ 51. Kg3 Rg8 52. Re5
Kxc3 53. g5 Kd4 54. Kf4 Rh8 55. Re7 Rh1 56. Kf5 Kd5 57. Rd7+ Kc6 58. Rd2 Rf1+
59. Kg6 Rg1 60. Kf6 Rf1+ 61. Kg7 Kc7 62. g6 Rg1 63. Kh7 Rh1+ 64. Kg8 Rg1 65. g7
Rg3 66. Rh2 1-0

[Event "Titled Tuesday intern op 4th Aug 10am"]
[Site "Chess.com INT"]
[Date "2020.08.04"]
[Round "6"]
[White "Karjakin, Sergey"]
[Black "Meskovs, Nikita"]
[Result "0-1"]
[WhiteElo "2752"]
[BlackElo "2585"]
[PlyCount "66"]
[EventDate "2020.08.04"]
[EventType "swiss (blitz)"]
[EventRounds "10"]
[EventCountry "USA"]
[SourceTitle "CBM 197 Extra"]
[Source "ChessBase"]
[SourceDate "2020.09.30"]
[SourceVersion "1"]
[SourceVersionDate "2020.09.30"]
[SourceQuality "1"]

1. e4 c5 2. Nf3 Nc6 3. Nc3 e6 4. d4 cxd4 5. Nxd4 Qc7 6. Be2 a6 7. Nxc6 dxc6 8.
O-O Nf6 9. f4 Bc5+ 10. Kh1 e5 11. fxe5 Nd7 12. e6 fxe6 13. Bf4 e5 14. Bg5 Nf8
15. Bh5+ Ng6 16. Na4 Ba7 17. Qf3 b5 18. Nc3 Be6 19. Rad1 Bf7 20. Bxg6 hxg6 21.
Ne2 O-O 22. b3 Be6 23. Qg3 Rxf1+ 24. Rxf1 Rf8 25. Rxf8+ Kxf8 26. h3 Bc5 27. Be3
Bxe3 28. Qxe3 c5 29. Ng1 Qd6 30. Nf3 Qd1+ 31. Kh2 Qxc2 32. Nxe5 c4 33. Nxg6+
Kf7 0-1

[Event "Titled Tuesday intern op 4th Aug 10am"]
[Site "Chess.com INT"]
[Date "2020.08.04"]
[Round "7"]
[White "Davtyan, Artur"]
[Black "Karjakin, Sergey"]
[Result "0-1"]
[WhiteElo "2466"]
[BlackElo "2752"]
[PlyCount "108"]
[EventDate "2020.08.04"]
[EventType "swiss (blitz)"]
[EventRounds "10"]
[EventCountry "USA"]
[SourceTitle "CBM 197 Extra"]
[Source "ChessBase"]
[SourceDate "2020.09.30"]
[SourceVersion "1"]
[SourceVersionDate "2020.09.30"]
[SourceQuality "1"]

1. d4 g6 2. g3 Bg7 3. Nf3 d6 4. Bg2 f5 5. O-O Nf6 6. c4 O-O 7. Nc3 Kh8 8. b3 c6
9. Bb2 Nbd7 10. e4 e5 11. exf5 gxf5 12. dxe5 dxe5 13. Qd6 Ne8 14. Qd2 Qf6 15.
Rad1 Nc7 16. Na4 Qe7 17. Rfe1 e4 18. Bxg7+ Qxg7 19. Nh4 Ne5 20. f3 exf3 21. Qd6
fxg2 22. Rxe5 Be6 23. Nc5 Rad8 24. Qxd8 Rxd8 25. Rxd8+ Bg8 26. Rxf5 Qe7 27. Rd7
Qe3+ 28. Kxg2 Ne6 29. Nxe6 Qxe6 30. Rxb7 Qe2+ 31. Rf2 Qe4+ 32. Kg1 c5 33. Rb8
Qe1+ 34. Kg2 Qe4+ 35. Kg1 Qe1+ 36. Kg2 Qe4+ 37. Nf3 Kg7 38. Rd2 Be6 39. Re8
Bh3+ 40. Kf2 Qxe8 41. Re2 Qf7 42. Re4 Qf5 43. Rf4 Qc2+ 44. Ke3 Qxa2 45. Ng5
Qxb3+ 46. Kd2 Qb2+ 47. Kd3 Qb1+ 48. Kc3 Bf1 49. Ne6+ Kh6 50. Rf6+ Kh5 51. Nf4+
Kg5 52. Nd5 Qd3+ 53. Kb2 Qd4+ 54. Kb3 Qxf6 0-1

[Event "Titled Tuesday intern op 4th Aug 10am"]
[Site "Chess.com INT"]
[Date "2020.08.04"]
[Round "8"]
[White "Karjakin, Sergey"]
[Black "Grachev, Boris V"]
[Result "0-1"]
[WhiteElo "2752"]
[BlackElo "2612"]
[PlyCount "72"]
[EventDate "2020.08.04"]
[EventType "swiss (blitz)"]
[EventRounds "10"]
[EventCountry "USA"]
[SourceTitle "CBM 197 Extra"]
[Source "ChessBase"]
[SourceDate "2020.09.30"]
[SourceVersion "1"]
[SourceVersionDate "2020.09.30"]
[SourceQuality "1"]

1. e4 c5 2. Nf3 e6 3. d4 cxd4 4. Nxd4 Nf6 5. Nc3 Nc6 6. a3 d5 7. Bb5 Bd7 8.
exd5 exd5 9. O-O Be7 10. Re1 O-O 11. h3 a6 12. Ba4 Nxd4 13. Qxd4 Bxa4 14. Qxa4
Bc5 15. Bg5 h6 16. Bh4 g5 17. Bg3 b5 18. Qb3 Nh5 19. Kh2 Nxg3 20. fxg3 d4 21.
Ne4 Be7 22. Rad1 Qb6 23. Rf1 Rad8 24. Rf5 Qe6 25. Qf3 Rc8 26. Rd2 Rc6 27. Nf2
Rc5 28. Rxc5 Bxc5 29. Re2 Qg6 30. Qd5 Qd6 31. Qf5 Ba7 32. Ne4 Qg6 33. Qe5 Bb8
34. Qxd4 f5 35. Nc5 f4 36. gxf4 Rxf4 0-1

[Event "Titled Tuesday intern op 4th Aug 10am"]
[Site "Chess.com INT"]
[Date "2020.08.04"]
[Round "9"]
[White "Riehle, Marco"]
[Black "Karjakin, Sergey"]
[Result "0-1"]
[WhiteElo "2347"]
[BlackElo "2752"]
[PlyCount "74"]
[EventDate "2020.08.04"]
[EventType "swiss (blitz)"]
[EventRounds "10"]
[EventCountry "USA"]
[SourceTitle "CBM 197 Extra"]
[Source "ChessBase"]
[SourceDate "2020.09.30"]
[SourceVersion "1"]
[SourceVersionDate "2020.09.30"]
[SourceQuality "1"]

1. e4 e5 2. Nf3 Nc6 3. d4 exd4 4. Bc4 Be7 5. c3 Nf6 6. e5 Ng4 7. cxd4 d5 8. Be2
h5 9. Nc3 Be6 10. Qa4 O-O 11. h3 Nh6 12. Bxh6 gxh6 13. Qd1 Kg7 14. Qd2 Bg5 15.
Nxg5 Qxg5 16. f4 Qg3+ 17. Kd1 Qxg2 18. Kc2 Qf2 19. Rag1+ Kh8 20. f5 Nxd4+ 21.
Kc1 Nxf5 22. Bxh5 Qxd2+ 23. Kxd2 Rad8 24. Bg4 Nd4 25. Rf1 Rg8 26. Kd3 c5 27. b4
Nc6 28. bxc5 Nxe5+ 29. Kd2 Nxg4 30. hxg4 Rxg4 31. Rxh6+ Kg7 32. Rh2 d4 33. Nd1
Bxa2 34. Nf2 Rg6 35. Nh3 Rh8 36. Kd3 Be6 37. Rfh1 Rg3+ 0-1

[Event "Titled Tuesday intern op 4th Aug 10am"]
[Site "Chess.com INT"]
[Date "2020.08.04"]
[Round "10"]
[White "Karjakin, Sergey"]
[Black "Mchedlishvili, Mikheil"]
[Result "1-0"]
[WhiteElo "2752"]
[BlackElo "2570"]
[PlyCount "107"]
[EventDate "2020.08.04"]
[EventType "swiss (blitz)"]
[EventRounds "10"]
[EventCountry "USA"]
[SourceTitle "CBM 197 Extra"]
[Source "ChessBase"]
[SourceDate "2020.09.30"]
[SourceVersion "1"]
[SourceVersionDate "2020.09.30"]
[SourceQuality "1"]

1. b3 d5 2. Bb2 Bg4 3. h3 Bh5 4. g3 c6 5. Bg2 Nd7 6. Nf3 e6 7. O-O Ngf6 8. c4
Bd6 9. d3 O-O 10. Nbd2 Qe7 11. a3 Rfd8 12. Nh4 Be5 13. d4 Bd6 14. Qe1 Re8 15.
f4 Bg6 16. Nxg6 hxg6 17. c5 Bc7 18. b4 Nh5 19. e3 f5 20. g4 Nhf6 21. g5 Nh5 22.
Nf3 Kf7 23. Qf2 b6 24. Bc3 Reb8 25. Rfb1 Qd8 26. Bf1 a5 27. Kg2 b5 28. bxa5
Bxa5 29. Bb4 Ra7 30. Qb2 Rba8 31. Ne1 Ra6 32. Nd3 Qc8 33. Be2 R8a7 34. h4 Qa8
35. Kf2 Bxb4 36. Nxb4 Ra4 37. Ra2 Nb8 38. Rba1 R4a5 39. Bd1 Na6 40. Nd3 Kg8 41.
Ne5 Qe8 42. a4 Nb8 43. axb5 Rxb5 44. Qd2 Rab7 45. Be2 Rb3 46. Qd1 Rb2 47. Rxb2
Rxb2 48. Ra8 Kh7 49. Qc1 Rb3 50. Bxh5 gxh5 51. g6+ Kh6 52. Qg1 Rb2+ 53. Kf3 Qe7
54. Qg5+ 1-0

[Event "Titled Tuesday intern op 18th Aug"]
[Site "Chess.com INT"]
[Date "2020.08.18"]
[Round "1"]
[White "Karjakin, Sergey"]
[Black "Popadic, Dragan"]
[Result "1-0"]
[WhiteElo "2752"]
[BlackElo "2171"]
[PlyCount "59"]
[EventDate "2020.08.18"]
[EventType "swiss (blitz)"]
[EventRounds "10"]
[EventCountry "USA"]
[SourceTitle "CBM 197 Extra"]
[Source "ChessBase"]
[SourceDate "2020.09.30"]
[SourceVersion "1"]
[SourceVersionDate "2020.09.30"]
[SourceQuality "1"]

1. b3 Nf6 2. Bb2 g6 3. Nf3 Bg7 4. c4 d6 5. d4 O-O 6. Nc3 c5 7. e3 Nc6 8. d5 Na5
9. Be2 a6 10. O-O Rb8 11. Nd2 Bd7 12. a4 e5 13. Qc2 Ne8 14. e4 f5 15. exf5 gxf5
16. f3 Nf6 17. Bd3 Nh5 18. Ne2 b6 19. Rae1 Qe7 20. Kh1 Rbe8 21. g4 e4 22. fxe4
fxe4 23. Bxe4 Bxg4 24. Bxg7 Qxg7 25. Rg1 Nf6 26. Nf4 Nxe4 27. Rxe4 Kh8 28. Ne6
Rxe6 29. dxe6 Rf2 30. Rexg4 1-0